| 000 | 00447nam a2200181Ia 4500 | ||
|---|---|---|---|
| 001 | 13659 | ||
| 005 | 20260306164817.0 | ||
| 008 | 260306t2004||||xx |||||||||||||| ||spa|| | ||
| 041 | _aESP | ||
| 082 |
_a005.1 _bV28 |
||
| 100 |
_aVan Roy, Peter _eAUT |
||
| 245 | 0 | _aConcepts, techniques and models of computer programming | |
| 260 | _c2004 | ||
| 300 |
_a900 páginas : _c26 cm. |
||
| 650 | _aGEN | ||
| 654 | _aCCC | ||
| 942 |
_cLIB _dJUS _fJUS _2ddc _n |
||
| 999 |
_c13659 _d13659 |
||